[Event "Salon de Provence op"]
[Site "Salon de Provence"]
[Date "2023.07.13"]
[Round "8.4"]
[White "Chaumet, Etienne"]
[Black "Hernandez, Lara"]
[Result "1-0"]
[WhiteElo "2070"]
[BlackElo "1956"]
[PlyCount "49"]
[EventDate "2023.07.08"]
[EventType "swiss"]
[EventRounds "9"]
[EventCountry "FRA"]
[SourceTitle "EXT 2024"]
[Source "ChessBase"]
[SourceDate "2023.10.10"]
[SourceVersion "1"]
[SourceVersionDate "2023.10.10"]
[SourceQuality "1"]

1. e4 d6 2. d4 Nf6 3. Nc3 e5 4. Nf3 Nbd7 5. g4 Nxg4 6. Rg1 Ngf6 7. Bc4 exd4 8. Qxd4 c6 9. Bf4 Qb6 10. 0-0-0 Qxd4 11. Rxd4 b5 12. Bxb5 cxb5 13. Nxb5 Rb8 14. Nxd6+ Bxd6 15. Bxd6 Rb5 16. e5 Nh5 17. Rg5 g6 18. e6 Rxg5 19. exd7+ Bxd7 20. Nxg5 Nf6 21. Rb4 Bc8 22. Be5 Nd5 23. Rd4 0-0 24. Rxd5 f6 25. Bxf6 1-0

[Event "FRA-chT Top 16 Gp Basse"]
[Site "Chartres"]
[Date "2023.06.10"]
[Round "3.1"]
[White "Delorme, Laurie"]
[Black "Hernandez, Lara"]
[Result "1-0"]
[WhiteElo "2086"]
[BlackElo "1947"]
[PlyCount "91"]
[EventDate "2023.06.08"]
[EventType "team-tourn"]
[EventRounds "4"]
[EventCountry "FRA"]
[SourceTitle "CBM 214 Extra"]
[Source "ChessBase"]
[SourceDate "2023.07.31"]
[SourceVersion "1"]
[SourceVersionDate "2023.07.31"]
[SourceQuality "1"]
[WhiteTeam "Marseille"]
[BlackTeam "Tremblay en France"]
[WhiteTeamCountry "FRA"]
[BlackTeamCountry "FRA"]

1. d4 e6 2. c4 f5 3. Nf3 Nf6 4. Nc3 Bb4 5. Bd2 0-0 6. g3 d6 7. Bg2 Bxc3 8. Bxc3 Ne4 9. Qc2 Nd7 10. 0-0 a5 11. Nd2 Nxc3 12. Qxc3 e5 13. c5 e4 14. c6 Nb6 15. Rfc1 Rf7 16. Nb3 Nd5 17. cxb7 Bxb7 18. Qe1 c6 19. Rab1 Qb6 20. Qd1 a4 21. Nd2 Qxd4 22. Nc4 Qf6 23. Qd2 Qd8 24. f3 Qe7 25. fxe4 fxe4 26. Qd4 e3 27. Rf1 Raf8 28. Qe4 Rxf1+ 29. Rxf1 Rxf1+ 30. Kxf1 Qf6+ 31. Bf3 Kf7 32. Nxe3 Nxe3+ 33. Qxe3 Qxb2 34. Qf4+ Ke7 35. Qxa4 Qc1+ 36. Kg2 h6 37. Qa7 Qb2 38. a4 Kd8 39. Qb8+ Ke7 40. a5 Qb5 41. Qc7+ Ke6 42. Qxg7 Ba6 43. Qxh6+ Ke7 44. Qg7+ Kd8 45. Qf8+ Kd7 46. Bg4+ 1-0

[Event "FRA-chT Top 16 GpA"]
[Site "Chartres"]
[Date "2023.06.03"]
[Round "3.3"]
[White "Hernandez, Lara"]
[Black "Lam, Sophie"]
[Result "0-1"]
[WhiteElo "1895"]
[BlackElo "2076"]
[PlyCount "66"]
[EventDate "2023.06.01"]
[EventType "team-tourn"]
[EventRounds "7"]
[EventCountry "FRA"]
[SourceTitle "CBM 214 Extra"]
[Source "ChessBase"]
[SourceDate "2023.07.31"]
[SourceVersion "1"]
[SourceVersionDate "2023.07.31"]
[SourceQuality "1"]
[WhiteTeam "Tremblay en France"]
[BlackTeam "Cappelle la Grande"]
[WhiteTeamCountry "FRA"]
[BlackTeamCountry "FRA"]

1. d4 d6 2. Nf3 g6 3. g3 Bg7 4. Bg2 Nf6 5. 0-0 0-0 6. b3 Nbd7 7. Bb2 e5 8. dxe5 Ng4 9. Qc1 Ngxe5 10. c4 Nxf3+ 11. Bxf3 Ne5 12. Bg2 Re8 13. Nc3 Rb8 14. Nb5 a6 15. Nd4 Bd7 16. Qd2 Qc8 17. f4 Ng4 18. e4 Nf6 19. e5 Ng4 20. h3 dxe5 21. Ne2 Nh6 22. fxe5 Bxh3 23. Nf4 Bxg2 24. Kxg2 Qg4 25. Nd5 c6 26. Rf4 Qg5 27. Nb6 Rbd8 28. Qf2 Nf5 29. Re1 Rd3 30. g4 Red8 31. e6 Bxb2 32. e7 Nxe7 33. Nd5 Nxd5 0-1

[Event "FRA-chT Top 16 GpA"]
[Site "Chartres"]
[Date "2023.06.02"]
[Round "2.3"]
[White "Steil Antoni, Fiona"]
[Black "Hernandez, Lara"]
[Result "0-1"]
[WhiteElo "2185"]
[BlackElo "1895"]
[PlyCount "60"]
[EventDate "2023.06.01"]
[EventType "team-tourn"]
[EventRounds "7"]
[EventCountry "FRA"]
[SourceTitle "CBM 214 Extra"]
[Source "ChessBase"]
[SourceDate "2023.07.31"]
[SourceVersion "1"]
[SourceVersionDate "2023.07.31"]
[SourceQuality "1"]
[WhiteTeam "Vandoeuvre"]
[BlackTeam "Tremblay en France"]
[WhiteTeamCountry "FRA"]
[BlackTeamCountry "FRA"]

1. e4 d6 2. d4 Nf6 3. Bd3 e5 4. c3 d5 5. dxe5 Nxe4 6. Bxe4 dxe4 7. Qa4+ Bd7 8. Qxe4 Bc6 9. Qg4 h5 10. Qg3 h4 11. Qg4 Qd7 12. Qg5 h3 13. f3 hxg2 14. Qxg2 Rh5 15. Bf4 Qf5 16. Ne2 g5 17. Ng3 Qxf4 18. Nxh5 Qe3+ 19. Qe2 Qc1+ 20. Kf2 Qxh1 21. Nf6+ Kd8 22. Kg3 Qg1+ 23. Kh3 Bd7+ 24. Nxd7 Nxd7 25. b4 c6 26. a4 Bxb4 27. cxb4 Kc7 28. Qg2 Qd4 29. Qg3 Rh8+ 30. Kg2 Qb2+ 0-1

[Event "FRA-chT Top 16 GpA"]
[Site "Chartres"]
[Date "2022.06.11"]
[Round "3.2"]
[White "Hernandez, Lara"]
[Black "Afraoui, Solenn"]
[Result "1-0"]
[WhiteElo "1915"]
[BlackElo "1945"]
[PlyCount "131"]
[EventDate "2022.06.09"]
[EventType "team-tourn"]
[EventRounds "7"]
[EventCountry "FRA"]
[SourceTitle "CBM 208 Extra"]
[Source "ChessBase"]
[SourceDate "2022.07.31"]
[SourceVersion "1"]
[SourceVersionDate "2022.07.31"]
[SourceQuality "1"]
[WhiteTeam "Tremblay en France"]
[BlackTeam "US Villejuif Echecs"]
[WhiteTeamCountry "FRA"]
[BlackTeamCountry "FRA"]

1. d4 Nf6 2. Nf3 e6 3. g3 b5 4. Bg2 Bb7 5. 0-0 c5 6. Bg5 Be7 7. dxc5 Bxc5 8. Qd3 a6 9. Nbd2 d5 10. a4 b4 11. e4 dxe4 12. Qxd8+ Kxd8 13. Ne5 Ke8 14. Nb3 Be7 15. Na5 Bd5 16. c4 bxc3 17. bxc3 Bd8 18. Nec4 Nbd7 19. Rfb1 Kf8 20. Be3 Bc7 21. Bf1 h5 22. Nb6 Rb8 23. Nac4 Kg8 24. a5 Kh7 25. Nxd7 Nxd7 26. Nb6 Nxb6 27. axb6 Be5 28. Bxa6 Bxc3 29. Ra3 Be5 30. b7 Bc6 31. Ba7 Rbd8 32. Rab3 Bb8 33. Bxb8 Rxb8 34. Rc1 Bd5 35. Rb6 Kg6 36. Rc8 Bxb7 37. Rxh8 Rxh8 38. Rxb7 h4 39. Kf1 hxg3 40. hxg3 Ra8 41. Rb6 Kf5 42. Ke2 Ke5 43. Bc4 Kd4 44. Bb3 Ra3 45. Rb7 g5 46. Kd2 Ke5 47. Kc3 f5 48. Rb6 f4 49. Rb5+ Kf6 50. g4 Ra6 51. Kd4 e3 52. fxe3 fxe3 53. Kxe3 Rd6 54. Ke4 Rc6 55. Ra5 Rb6 56. Bc4 Rb1 57. Ra6 Re1+ 58. Kd4 Rd1+ 59. Kc5 Re1 60. Kd6 Rd1+ 61. Kc7 Re1 62. Kd7 Rd1+ 63. Rd6 Rg1 64. Bxe6 Ke5 65. Rd5+ Kf4 66. Rf5+ 1-0

[Event "Cappelle Online Blitz op"]
[Site "Europe Echecs INT"]
[Date "2022.01.09"]
[Round "4"]
[White "Hernandez, Lara"]
[Black "Di Nicolantonio, Lucas"]
[Result "0-1"]
[WhiteElo "2022"]
[BlackElo "2416"]
[PlyCount "78"]
[EventDate "2022.01.09"]
[EventType "swiss (blitz)"]
[EventRounds "11"]
[EventCountry "FRA"]
[SourceTitle "EXT 2023"]
[Source "ChessBase"]
[SourceDate "2022.10.05"]
[SourceVersion "1"]
[SourceVersionDate "2022.10.05"]
[SourceQuality "1"]

1. d4 d5 2. Nf3 Nf6 3. g3 e6 4. Bg2 b5 5. 0-0 Be7 6. a4 b4 7. c4 bxc3 8. Nxc3 0-0 9. Bf4 Na6 10. Ne5 Nb4 11. Rc1 Bb7 12. Nb5 c6 13. Nc3 Nd7 14. Nf3 h6 15. e4 Ba6 16. Ne2 dxe4 17. Ne1 f5 18. f3 Nd3 19. Nxd3 exd3 20. Nc3 d2 21. Qxd2 Bxf1 22. Bxf1 Nf6 23. Be5 Nd5 24. Nxd5 Qxd5 25. Kg2 Bf6 26. Bc4 Qd7 27. Qe3 Rae8 28. b4 Bxe5 29. Qxe5 Kh8 30. Re1 Rd8 31. Rd1 Qd6 32. Qe1 e5 33. d5 e4 34. f4 Rfe8 35. Qc3 cxd5 36. Rxd5 Qf8 37. Qd4 Rxd5 38. Bxd5 e3 39. Bf3 e2 0-1

[Event "Cappelle Online Blitz op"]
[Site "Europe Echecs INT"]
[Date "2022.01.09"]
[Round "3"]
[White "Shchekachev, Andrei"]
[Black "Hernandez, Lara"]
[Result "1-0"]
[WhiteElo "2501"]
[BlackElo "2022"]
[PlyCount "65"]
[EventDate "2022.01.09"]
[EventType "swiss (blitz)"]
[EventRounds "11"]
[EventCountry "FRA"]
[SourceTitle "EXT 2023"]
[Source "ChessBase"]
[SourceDate "2022.10.05"]
[SourceVersion "1"]
[SourceVersionDate "2022.10.05"]
[SourceQuality "1"]

1. Nf3 Nf6 2. c4 e6 3. Nc3 d5 4. e3 Be7 5. b3 0-0 6. Bb2 c5 7. cxd5 exd5 8. d4 b6 9. Be2 Bb7 10. 0-0 Nc6 11. Rc1 Rc8 12. Ne5 Nxe5 13. dxe5 Ne4 14. Nxe4 dxe4 15. Qc2 Qc7 16. Bc4 Rfe8 17. e6 f6 18. Rcd1 Rcd8 19. Rd7 Qc8 20. Rfd1 Bc6 21. Rxa7 Rxd1+ 22. Qxd1 b5 23. Bd5 Rd8 24. Rd7 Re8 25. h4 Kh8 26. Bxc6 Qxc6 27. Qg4 c4 28. bxc4 bxc4 29. Bc3 h6 30. Qg6 Qc8 31. Qf7 Bf8 32. Bxf6 c3 33. Bxg7+ 1-0

[Event "Cappelle Online Blitz op"]
[Site "Europe Echecs INT"]
[Date "2022.01.09"]
[Round "5"]
[White "Szurhaj, William"]
[Black "Hernandez, Lara"]
[Result "0-1"]
[WhiteElo "1684"]
[BlackElo "2022"]
[PlyCount "134"]
[EventDate "2022.01.09"]
[EventType "swiss (blitz)"]
[EventRounds "11"]
[EventCountry "FRA"]
[SourceTitle "EXT 2023"]
[Source "ChessBase"]
[SourceDate "2022.10.05"]
[SourceVersion "1"]
[SourceVersionDate "2022.10.05"]
[SourceQuality "1"]

1. e4 e5 2. Nf3 Nc6 3. Bc4 Bc5 4. 0-0 Nf6 5. d4 Bxd4 6. Nxd4 Nxd4 7. Bg5 0-0 8. f4 d6 9. Nc3 Bg4 10. Bxf6 Bxd1 11. Bxd8 Bxc2 12. Bg5 h6 13. Bh4 c6 14. fxe5 dxe5 15. Be7 Rfc8 16. Bxf7+ Kh8 17. Bc4 b5 18. Bb3 b4 19. Bxc2 bxc3 20. Bd3 cxb2 21. Rab1 c5 22. Rxb2 c4 23. Bb1 c3 24. Rbf2 c2 25. Bxc2 Rxc2 26. Rxc2 Nxc2 27. Rc1 Nd4 28. Kf2 Ne6 29. Bd6 Nf4 30. Kf3 Re8 31. g3 Ng6 32. Bc5 a6 33. Bb6 Nf8 34. Bc5 Ne6 35. Be3 Rf8+ 36. Kg2 Kh7 37. Rc6 Ng5 38. Bxg5 hxg5 39. Rxa6 Rb8 40. a3 Rb2+ 41. Kh3 g6 42. a4 Kh6 43. Ra8 Rb4 44. a5 Rxe4 45. a6 g4+ 46. Kg2 Kg5 47. a7 Ra4 48. Kf2 Ra2+ 49. Ke3 Ra4 50. Re8 Ra3+ 51. Ke4 Ra4+ 52. Kd3 Rxa7 53. Rxe5+ Kf6 54. Re4 Ra2 55. Rxg4 Rxh2 56. Ke4 Re2+ 57. Kf3 Ra2 58. Rf4+ Kg5 59. Rg4+ Kh5 60. Rh4+ Kg5 61. Rg4+ Kf6 62. Rf4+ Kg7 63. Kg4 Ra5 64. Kh4 g5+ 65. Kg4 gxf4 66. Kxf4 Kg6 67. g4 Ra4+ 0-1

[Event "Cappelle Online (Women) op"]
[Site "Europe Echecs INT"]
[Date "2021.03.08"]
[Round "7"]
[White "Bulmaga, Irina"]
[Black "Hernandez, Lara"]
[Result "1-0"]
[WhiteElo "2440"]
[BlackElo "1956"]
[PlyCount "47"]
[EventDate "2021.03.08"]
[EventType "swiss (blitz)"]
[EventRounds "11"]
[EventCountry "FRA"]
[SourceTitle "CBM 201 Extra"]
[Source "ChessBase"]
[SourceDate "2021.05.31"]
[SourceVersion "1"]
[SourceVersionDate "2021.05.31"]
[SourceQuality "1"]

1. e4 e5 2. Nf3 Nc6 3. d4 exd4 4. Nxd4 Bc5 5. Be3 Qf6 6. c3 Nge7 7. Bc4 Ne5 8. Be2 Qg6 9. 0-0 Qxe4 10. Nd2 Qg6 11. f4 Bxd4 12. cxd4 N5c6 13. Nc4 d5 14. Ne5 Nxe5 15. fxe5 0-0 16. Bh5 Qb6 17. Qd3 g6 18. Bf3 Bf5 19. Qd2 Rfd8 20. Bg5 Re8 21. Bf6 Be4 22. Bxe4 dxe4 23. Qh6 Qxd4+ 24. Kh1 1-0

[Event "Cappelle Online (Women) op"]
[Site "Europe Echecs INT"]
[Date "2021.03.08"]
[Round "1"]
[White "Hernandez, Lara"]
[Black "Mammadova, Gulnar Marfat Qizi"]
[Result "0-1"]
[WhiteElo "1956"]
[BlackElo "2382"]
[PlyCount "72"]
[EventDate "2021.03.08"]
[EventType "swiss (blitz)"]
[EventRounds "11"]
[EventCountry "FRA"]
[SourceTitle "CBM 201 Extra"]
[Source "ChessBase"]
[SourceDate "2021.05.31"]
[SourceVersion "1"]
[SourceVersionDate "2021.05.31"]
[SourceQuality "1"]

1. d4 e6 2. Nf3 f5 3. g3 Nf6 4. Bg2 g6 5. 0-0 Bg7 6. b3 0-0 7. Bb2 d6 8. c4 Ne4 9. Nbd2 Nd7 10. Nxe4 fxe4 11. Nd2 d5 12. f4 c5 13. e3 b6 14. b4 cxb4 15. Qb3 Nf6 16. Qxb4 a5 17. Qb3 Ba6 18. Rfe1 a4 19. Qb4 Re8 20. Rac1 Bf8 21. c5 bxc5 22. dxc5 Rb8 23. Qc3 Bg7 24. Ba3 Qc7 25. Qc2 Qc6 26. Bf1 Bxf1 27. Rxf1 Ng4 28. Rfe1 e5 29. h3 Nh6 30. Bb2 Rxb2 31. Qxb2 exf4 32. Qb6 Qc8 33. exf4 Qxh3 34. c6 Qxg3+ 35. Kh1 Ng4 36. Qg1 Qh3+ 0-1

[Event "Cappelle Online Blitz op 1st"]
[Site "Europe Echecs INT"]
[Date "2021.01.10"]
[Round "6"]
[White "Hernandez, Lara"]
[Black "Alberola, Raphael"]
[Result "0-1"]
[WhiteElo "1956"]
[BlackElo "1664"]
[PlyCount "71"]
[EventDate "2021.01.10"]
[EventType "swiss (blitz)"]
[EventRounds "11"]
[EventCountry "FRA"]
[SourceTitle "CBM 200 Extra"]
[Source "ChessBase"]
[SourceDate "2021.03.31"]
[SourceVersion "1"]
[SourceVersionDate "2021.03.31"]
[SourceQuality "1"]

1. d4 Nf6 2. Nf3 g6 3. g3 Bg7 4. Bg2 d6 5. 0-0 0-0 6. b3 Bg4 7. Bb2 c6 8. c4 Qd7 9. h3 Bxh3 10. Nc3 Na6 11. e4 Bxg2 12. Kxg2 Rad8 13. Qe2 e5 14. dxe5 dxe5 15. Rad1 Qe6 16. Na4 Nh5 17. Ba3 Rfe8 18. Rxd8 Rxd8 19. Rd1 Re8 20. Rd6 Qg4 21. Qd1 Nf4+ 22. Kf1 Qh3+ 23. Ke1 Qh1+ 24. Kd2 Qxd1+ 25. Kxd1 Ne6 26. Ke1 Bf8 27. Nxe5 Bxd6 28. Bxd6 Rd8 29. c5 Nb4 30. a3 Nc2+ 31. Kd2 Nxa3 32. Nc3 Nd4 33. Nc4 Nxb3+ 34. Ke3 Nxc4+ 35. Kf3 Nxd6 36. cxd6 0-1

[Event "Cappelle Online Blitz op 1st"]
[Site "Europe Echecs INT"]
[Date "2021.01.10"]
[Round "3"]
[White "Moine, Jean Yves"]
[Black "Hernandez, Lara"]
[Result "0-1"]
[WhiteElo "1615"]
[BlackElo "1956"]
[PlyCount "46"]
[EventDate "2021.01.10"]
[EventType "swiss (blitz)"]
[EventRounds "11"]
[EventCountry "FRA"]
[SourceTitle "CBM 200 Extra"]
[Source "ChessBase"]
[SourceDate "2021.03.31"]
[SourceVersion "1"]
[SourceVersionDate "2021.03.31"]
[SourceQuality "1"]

1. d4 d5 2. c4 e6 3. Nf3 Nf6 4. g3 Bb4+ 5. Bd2 Be7 6. Bg2 0-0 7. 0-0 c6 8. b3 Nbd7 9. Nc3 Ne4 10. Bf4 f5 11. Nxe4 fxe4 12. Ne5 Bf6 13. cxd5 exd5 14. Bh3 g5 15. Nxd7 Bxd7 16. Bc1 Bxh3 17. Re1 Qe7 18. e3 Qf7 19. Ba3 Bxd4 20. Bxf8 Rxf8 21. Re2 Bxa1 22. Qxa1 Qf3 23. Qb2 Qg2# 0-1

[Event "Trophee Roza Lallemand Online"]
[Site "Tornelo INT"]
[Date "2020.12.13"]
[Round "3"]
[White "Haussernot, Cecile"]
[Black "Hernandez, Lara"]
[Result "1-0"]
[WhiteElo "2171"]
[BlackElo "1956"]
[PlyCount "67"]
[EventDate "2020.12.13"]
[EventType "swiss (rapid)"]
[EventRounds "9"]
[EventCountry "USA"]
[SourceTitle "EXT 2022"]
[Source "ChessBase"]
[SourceDate "2021.10.06"]
[SourceVersion "1"]
[SourceVersionDate "2021.10.06"]
[SourceQuality "1"]

1. e4 e5 2. Nf3 Nc6 3. d4 exd4 4. Nxd4 Bc5 5. Nb3 Bb6 6. Qe2 d6 7. Nc3 h6 8. Be3 Nf6 9. 0-0-0 Bxe3+ 10. Qxe3 0-0 11. f3 a5 12. g4 a4 13. Nd4 Nxd4 14. Rxd4 a3 15. b3 Nd7 16. h4 Ne5 17. Be2 Kh7 18. g5 h5 19. f4 Ng4 20. Qg3 f5 21. Bxg4 fxg4 22. f5 g6 23. f6 Qe8 24. Nd5 Qe5 25. Qxe5 dxe5 26. Rd3 c6 27. Nb6 Rb8 28. Nc4 Re8 29. f7 Rf8 30. Nxe5 Be6 31. Rf1 Kg7 32. Rd6 Bc8 33. Rxg6+ Kh7 34. Rff6 1-0

[Event "Trophee Roza Lallemand Online"]
[Site "Tornelo INT"]
[Date "2020.12.13"]
[Round "6"]
[White "Hernandez, Lara"]
[Black "Sumarriva Paulin, Jade"]
[Result "1-0"]
[WhiteElo "1956"]
[BlackElo "1350"]
[PlyCount "71"]
[EventDate "2020.12.13"]
[EventType "swiss (rapid)"]
[EventRounds "9"]
[EventCountry "USA"]
[SourceTitle "EXT 2022"]
[Source "ChessBase"]
[SourceDate "2021.10.06"]
[SourceVersion "1"]
[SourceVersionDate "2021.10.06"]
[SourceQuality "1"]

1. d4 d5 2. Nf3 Nf6 3. g3 Bf5 4. Bg2 e6 5. 0-0 Bd6 6. c4 0-0 7. Nc3 Nc6 8. cxd5 exd5 9. Qb3 Bb4 10. Bg5 Be6 11. Bxf6 Qxf6 12. Nxd5 Bxd5 13. Qxd5 Rad8 14. Qc4 Qe7 15. e3 Rfe8 16. a3 Ba5 17. b4 Bb6 18. Rac1 Qf6 19. Qa2 Ne7 20. Ne5 Ng6 21. Nxg6 Qxg6 22. Bxb7 Rd6 23. Bg2 Rd7 24. a4 a6 25. Bc6 Ree7 26. Bxd7 Rxd7 27. a5 Ba7 28. Qc4 Qd6 29. Qc6 Qxc6 30. Rxc6 h6 31. Rxa6 Bb8 32. Ra8 Rd8 33. a6 c6 34. a7 Bc7 35. Rxd8+ Bxd8 36. a8Q 1-0

[Event "Salon de Provence op 9th"]
[Site "Salon de Provence"]
[Date "2017.07.07"]
[Round "2"]
[White "Faure, Alexandre"]
[Black "Hernandez, Lara"]
[Result "1-0"]
[WhiteElo "2027"]
[BlackElo "1919"]
[PlyCount "53"]
[EventDate "2017.07.07"]
[EventType "swiss"]
[EventRounds "7"]
[EventCountry "FRA"]
[SourceTitle "EXT 2020"]
[Source "ChessBase"]
[SourceDate "2019.10.17"]
[SourceVersion "1"]
[SourceVersionDate "2019.10.17"]
[SourceQuality "1"]

1. e4 e6 2. d4 d5 3. e5 c5 4. c3 Nc6 5. Be3 Nh6 6. Nf3 Nf5 7. Bd3 Nxe3 8. fxe3 g6 9. 0-0 Bh6 10. Qe2 0-0 11. Nbd2 Rb8 12. h3 c4 13. Bc2 b5 14. a3 a5 15. Nh2 b4 16. axb4 axb4 17. Ng4 Kg7 18. Qf2 bxc3 19. bxc3 Rb2 20. Ba4 Bd7 21. Bxc6 Bxc6 22. Ra7 Be8 23. Ra8 Qg5 24. Qf6+ Qxf6 25. exf6+ Kh8 26. Nxh6 Rxd2 27. Nxf7+ 1-0

[Event "Salon de Provence op 9th"]
[Site "Salon de Provence"]
[Date "2017.07.07"]
[Round "5"]
[White "Hernandez, Lara"]
[Black "Kolb, Sebastien"]
[Result "1/2-1/2"]
[WhiteElo "1919"]
[BlackElo "2030"]
[PlyCount "91"]
[EventDate "2017.07.07"]
[EventType "swiss"]
[EventRounds "7"]
[EventCountry "FRA"]
[SourceTitle "EXT 2020"]
[Source "ChessBase"]
[SourceDate "2019.10.17"]
[SourceVersion "1"]
[SourceVersionDate "2019.10.17"]
[SourceQuality "1"]

1. e4 c5 2. Nf3 Nc6 3. Bb5 Nf6 4. Bxc6 dxc6 5. d3 g6 6. 0-0 Bg7 7. h3 0-0 8. Nc3 e5 9. Nxe5 Nxe4 10. Nxe4 Bxe5 11. Nxc5 f5 12. c3 Qf6 13. d4 Bd6 14. Bh6 Bxc5 15. dxc5 Rd8 16. Qc1 Rd5 17. Re1 Be6 18. Qe3 Re8 19. Re2 Qd8 20. Rae1 Rd1 21. Qe5 Rxe1+ 22. Rxe1 Qd7 23. Kh2 Qf7 24. Qd6 Qe7 25. Qe5 Qf7 26. Qd6 Qe7 27. c4 Kf7 28. b3 Qxd6+ 29. cxd6 Bd7 30. Rxe8 Bxe8 31. Kg3 Ke6 32. Bf8 Ke5 33. Kh4 h6 34. Bxh6 Kxd6 35. Kg5 Ke6 36. f3 b6 37. g4 fxg4 38. fxg4 a5 39. Bg7 b5 40. Bc3 a4 41. bxa4 bxa4 42. h4 Kf7 43. h5 gxh5 44. Kxh5 Kg8+ 45. Kh6 Bf7 46. a3 1/2-1/2

[Event "Sautron op 16th"]
[Site "Sautron"]
[Date "2016.10.22"]
[Round "5.18"]
[White "Maiorov, Nikita"]
[Black "Hernandez, Lara"]
[Result "1-0"]
[WhiteElo "2535"]
[BlackElo "1879"]
[PlyCount "57"]
[EventDate "2016.10.22"]
[EventType "swiss"]
[EventRounds "9"]
[EventCountry "FRA"]
[SourceTitle "EXT 2019"]
[Source "ChessBase"]
[SourceDate "2018.10.10"]
[SourceVersion "1"]
[SourceVersionDate "2018.10.10"]
[SourceQuality "1"]

1. d4 Nf6 2. c4 g6 3. g3 Bg7 4. Bg2 d5 5. Nf3 0-0 6. 0-0 dxc4 7. Na3 c3 8. bxc3 c5 9. e3 Nc6 10. Bb2 Qb6 11. Qe2 Bf5 12. Rfe1 Rfd8 13. Nc4 Qa6 14. a4 Rac8 15. Bf1 b6 16. Nfd2 Ne4 17. g4 Nxd2 18. Qxd2 Bxg4 19. Nd6 Qa5 20. Nxc8 cxd4 21. Nxe7+ Nxe7 22. exd4 Bf6 23. Qf4 Bf5 24. Qc7 Nd5 25. Qc4 Nf4 26. Qb5 Rd5 27. Qe8+ Kg7 28. Ba3 g5 29. Bb4 1-0

[Event "EU-ch U18 Girls 25th"]
[Site "Porec"]
[Date "2015.09.25"]
[Round "5"]
[White "Hernandez, Lara"]
[Black "Wertz, Clara"]
[Result "1-0"]
[WhiteElo "1995"]
[BlackElo "1767"]
[PlyCount "51"]
[EventDate "2015.09.21"]
[EventType "swiss"]
[EventRounds "9"]
[EventCountry "CRO"]
[SourceTitle "EXT 2016"]
[Source "ChessBase"]
[SourceDate "2015.10.08"]
[SourceVersion "1"]
[SourceVersionDate "2015.10.08"]
[SourceQuality "1"]

1. d4 Nf6 2. c4 e6 3. Nf3 d5 4. Nc3 c6 5. Bg5 Be7 6. e3 Nbd7 7. Qc2 Nh5 8. Bxe7 Qxe7 9. Rd1 0-0 10. a3 b6 11. Bd3 Nhf6 12. 0-0 Bb7 13. e4 dxe4 14. Nxe4 Nxe4 15. Bxe4 Nf6 16. Bd3 c5 17. Be2 Rfd8 18. Qa4 Qc7 19. dxc5 Qxc5 20. Rxd8+ Rxd8 21. Qxa7 Be4 22. Rd1 Rc8 23. b4 Qc6 24. Ne5 Qb7 25. Qxb7 Bxb7 26. Rd6 1-0